MARC

LEADER 00000nam a2200000Ia 4500
001 11998
008 160829s1998 xx 000 0 cat d
020 |a 84-7794-544-6 
080 |a C-1-377 
100 |a Tous i Mata, Meritxell  |9 37565 
245 |a Guia de recursos culturals del Parc Natural de Sant Llorenç del Munt i l'Obac, 1998 / recollida de dades i redacció, Meritxell Tous i Mata 
260 |a Barcelona :  |b Diputació de Barcelona. Oficina de Difusió Artística i Servei de Parcs Naturals de la Diputació de Barcelona,  |c 1998 
300 |a 270 p. ;  |c 21 cm 
590 |a Conté els recursos culturals de les següents poblacions: Castellar del Vallès, Granera, Matadepera, Monistrol de Calders, Mura, El Pont de Vilomara i Rocafort, Rellinars, Sant Llorenç Savall, Sant Vicenç de Castellet, Talamanca, Terrassa i Vacarisses 
610 1 0 |a Parc Natural de Sant Llorenç del Munt i l'Obac (Catalunya)  |9 10145 
710 1 |a Barcelona (Catalunya : Província).  |b Oficina de Difusió Artística  |9 52669 
710 |a Barcelona (Catalunya : Província).  |b Servei de Parcs Naturals  |9 53492 
901 |a Arxiu 
942 |n 1 
952 |0 0  |1 0  |4 0  |6 C1377  |7 1  |9 47932  |a Arxiu  |b Arxiu  |d 2016-12-01  |l 0  |o C-1-377  |p 11998  |r 2016-12-01 00:00:00  |w 2016-12-01  |y ARXIU 
999 |c 51732  |d 51732